<?xml version="1.0" encoding="UTF-8"?>
<record
    xmlns:xsi="http://www.w3.org/2001/XMLSchema-instance"
    xsi:schemaLocation="http://www.loc.gov/MARC21/slim http://www.loc.gov/standards/marcxml/schema/MARC21slim.xsd"
    xmlns="http://www.loc.gov/MARC21/slim">

  <leader>01478nam a2200145   4500</leader>
  <controlfield tag="008">776 R486e</controlfield>
  <datafield tag="020" ind1=" " ind2=" ">
    <subfield code="a">9786072809673</subfield>
  </datafield>
  <datafield tag="082" ind1=" " ind2=" ">
    <subfield code="a">776</subfield>
    <subfield code="b">R486e</subfield>
  </datafield>
  <datafield tag="100" ind1=" " ind2=" ">
    <subfield code="a">Riboulet, C&#xE9;lia</subfield>
    <subfield code="9">6473</subfield>
  </datafield>
  <datafield tag="245" ind1=" " ind2=" ">
    <subfield code="a">Encuentros:</subfield>
    <subfield code="b">arte y nuevos medios en las pr&#xE1;cticas art&#xED;sticas contempor&#xE1;neas</subfield>
  </datafield>
  <datafield tag="260" ind1=" " ind2=" ">
    <subfield code="a">Ciudad de M&#xE9;xico</subfield>
    <subfield code="b">Universidad Aut&#xF3;noma Metropolitana</subfield>
    <subfield code="c">2016</subfield>
  </datafield>
  <datafield tag="300" ind1=" " ind2=" ">
    <subfield code="a">154 p.</subfield>
    <subfield code="b">ill (col)</subfield>
    <subfield code="c">25.5 x 20.5 cm</subfield>
  </datafield>
  <datafield tag="505" ind1=" " ind2=" ">
    <subfield code="t">Inrtroducci&#xF3;n</subfield>
    <subfield code="t">Arte digital: el encuentro del arte y de los nuevos medios</subfield>
    <subfield code="r">C&#xE9;lia Riboulet </subfield>
    <subfield code="t">Discusiones interrumpidas entre tecnociencia y arte electr&#xF3;nico-digital</subfield>
    <subfield code="r">Liliana Quintero &#xC1;lvarez Icaza</subfield>
    <subfield code="t">Proyecciones del videomapping en las conmemoraciones bicentenarias de las independencias latinoamericanas: producci&#xF3;n de espacio y de memoria alrdedor de 2010</subfield>
    <subfield code="r">Loreto Alonso Atienza y Luis G&#xE1;rciga Romay</subfield>
    <subfield code="t">Videoarte: en la frontera entre la ficci&#xF3;n y el documental</subfield>
    <subfield code="r">C&#xE9;lia Riboulet</subfield>
    <subfield code="t">&#xBF;Hacer visible lo invisible? Ciencia y tecnolog&#xED;a en la visualidad del arte con medios digitales</subfield>
    <subfield code="r">Jes&#xFA;s Fernando Monreal Ram&#xED;rez</subfield>
    <subfield code="t">El espacio social en las pr&#xE1;cticas art&#xED;sticas mediadas por computadora</subfield>
    <subfield code="r">Gemma Arguello Manresa</subfield>
    <subfield code="t">Translab: artes performativas + tecnolog&#xED;as. Acercamiento a sus proyectos y ejes conceptuales. Puesta en valor de su pertinencia. </subfield>
    <subfield code="r">Beatriz Marcos P&#xE9;rez, Minerva Hern&#xE1;ndez Trejos, Myriam Beutelspacher Alc&#xE1;ntar</subfield>
    <subfield code="t">Sobre los autores</subfield>
  </datafield>
  <datafield tag="650" ind1=" " ind2=" ">
    <subfield code="x">arte contempor&#xE1;neo</subfield>
    <subfield code="x">arte - medios digitales</subfield>
    <subfield code="x">videoarte</subfield>
    <subfield code="x">arte - performance</subfield>
    <subfield code="x">arte - tecnolog&#xED;a</subfield>
    <subfield code="9">6474</subfield>
  </datafield>
  <datafield tag="999" ind1=" " ind2=" ">
    <subfield code="c">1530</subfield>
    <subfield code="d">1530</subfield>
  </datafield>
  <datafield tag="952" ind1=" " ind2=" ">
    <subfield code="0">0</subfield>
    <subfield code="1">0</subfield>
    <subfield code="2">ddc</subfield>
    <subfield code="4">0</subfield>
    <subfield code="7">0</subfield>
    <subfield code="a">LV</subfield>
    <subfield code="b">LV</subfield>
    <subfield code="c">Pensamiento</subfield>
    <subfield code="d">2018-07-05</subfield>
    <subfield code="l">0</subfield>
    <subfield code="o">776 R486e</subfield>
    <subfield code="p">004627</subfield>
    <subfield code="r">2018-07-05 00:00:00</subfield>
    <subfield code="w">2018-07-05</subfield>
    <subfield code="y">01</subfield>
  </datafield>
</record>
